000 01343nam a2200373 c 4500
999 _c115140
_d115140
003 BLK
005 20201007040430.0
008 180409b bul|||||r ||||||| ||bul||
010 _aKNG00120607000
040 _aBLK
041 _aENG
_cENG
080 _aХудожествена обработка на метали
_b739
_z739
100 1 _aKuntzsch, Ingrid
_eпърви автор
_916168
139 _aKuntzsch, Ingrid
_bК 93
_fК 92 I
_gК 93 И
245 1 0 _aA History of Jewels and Jewellery
_cIngrid Kuntzsch.
257 _aDEU
260 _bLeipzig
_c1979
300 _a263 с.
_bс ил.
_c27 см
380 _a7
500 _aБиблиогр. с. 255-261. - Списък на ил. - Азб. показалец.
650 4 _aМетали - художествена обработка
_9275804
653 _aнакити
653 _aсребърни предмети
653 _aзлатни предмети
653 _aцърковна утвар
653 _aцарски корони
653 _aпръстени
653 _aметални пластики
700 _aКунцх, Ингрид
_eпърви автор
_91299
852 _aЦб ІІ 5926
856 4 _qpdf
856 4 _qpdf
942 _cKNG
_n0
_s1
944 _aCR
_c04.01.2011
_lдобави в АБ / 03.01.2011
_kНаталия_Любомирова
944 _aED
_c08.10.2015
_lдобави в АБ / 03.01.2011
_kИрена_Линкова
999 _d115140